000 00281nam a2200109Ia 4500
008 220120s9999||||xx |||||||||||||| ||und||
100 _aKano, Kanaan
245 0 _aSemiconductor device
260 _aPearson education of asia
_bBangalore
_c2005
300 _b0
650 _aELECTRONICS
999 _c137130
_d137130